00724nam a2200217Ii 45000010005000000030009000050080041000140400033000550410008000880820012000961000020001082450014001282640066001423000012002083360026002203370028002463380027002749400050003019990017003519520138003686021CO-ViMGA241108s9999||||xx |||||||||||||| ||und|| aCO-ViMGAbspaerdacCO-ViMGA0 aunk04a861-Z611 aZorrilla95732810aPoesías 1a[Lugar de publicación no identificado] : Espasa-Calpe, 1944 avolumen atextbtxt2rdacontent aunmediatedbn2rdamedia avolumebnc2rdacarrier aidficha_siabuc: 5874. -- ficha_no_siabuc:6021 c55699d55699 001040708001aMEVIGERRbMEVIGERRcGENd2006-11-27hVol.1o861-Z61pECA5250r2024-11-26 10:51:41tEj.1w2024-11-26yBKz5874 | 8210